000 01692cam a2200553 a 4500
001 85101
005 20230410124102.0
008 071010r20082006enk b 001 0 eng
035 _a(OCoLC)ocn175283596
040 _aUKM
_cUKM
_dBTCTA
015 _aGBA783496
_2bnb
016 7 _a014100144
_2Uk
020 _a9780007244072 (pbk.)
020 _a000724407X (pbk.)
029 1 _aUNITY
_b109763890
029 1 _aBIRCL
_b000724407x
029 1 _aWARCC
_b000724407x
029 1 _aCENLI
_b000724407X
029 1 _aUKELG
_b000724407x
029 1 _aUKESR
_b000724407X
029 1 _aUKWSX
_b000724407X
029 1 _aUKMAN
_b000724407x
029 1 _aUKLCL
_b000724407x
029 1 _aUKSRS
_b000724407x
029 1 _aUKHCL
_b000724407x
029 1 _aUKNFK
_b000724407X
029 1 _aUKLLS
_b000724407x
029 1 _aUKNYK
_b000724407x
029 1 _aHAF
_b000724407x
035 _a(OCoLC)175283596
042 _aukscp
082 0 4 _a658.40940922
_222
049 _aGRAL
050 1 4 _aM461
100 1 _aTaylor, William,
_d1959-
245 1 0 _aMavericks at work :
_bwhy the most original minds in business win /
_cWilliam C. Taylor & Polly LaBarre.
260 _aLondon :
_bHarper,
_c2008.
300 _axix, 316 p. ;
_c20 cm.
500 _aOriginally published: New York: William Morrow; London: HarperCollins, 2006.
504 _aIncludes bibliographical references and index.
650 0 _aCreative ability in business.
650 0 _aExecutive ability
_xPsychological aspects.
650 0 _aExecutives
_vCase studies.
700 1 _aLaBarre, Polly G.
938 _aBaker and Taylor
_bBTCP
_nBK0007569111
942 _2lcc
_cbk
946 _arpeƱa
994 _aC0
_bDRFGD
999 _c70699
_d70699